[Event "Challenge"]
[Site "http://www.queenalice.com/game.php?id=1018253"]
[Date "2012.1.29"]
[Round "-"]
[White "bumpywater"]
[Black "hjalmart"]
[Result "1-0"]
[WhiteElo "1768"]
[BlackElo "1883"]

1. e4 e5 2. Nf3 d5 3. exd5 Qxd5 4. Nc3 Qe6 5. Bb5+ Bd7 6. O-O f6 7. b3 c6 8. Bc4
Qg4 9. h3 Qh5 10. Bxg8 Rxg8 11. d4 Bf5 12. dxe5 Nd7 13. exf6 gxf6 14. Re1+ Be7
15. Bf4 Bxh3 16. Bg3 Bg4 17. Re3 Rg6 18. Qd6 Rg7 19. Rae1 Ne5 20. Qc7 Nxf3+ 21.
gxf3 Bd7 22. Kf1 Bh3+ 23. Ke2 Kf8 24. Rh1 Qf5 25. Ne4 Qc8 26. Qxc8+ Bxc8 27. Bd6
Bxd6 28. Nxd6 Bd7 29. Nxb7 Re7 30. Nc5 Rxe3+ 31. fxe3 Bf5 32. c4 Kg7 33. Rg1+
Kf7 34. Nb7 Ke7 35. Rg7+ Ke6 36. e4 Bg6 37. Ke3 a5 38. Nc5+ Kd6 39. Kd4 Rf8 40.
Rd7# 1-0

[Event "Challenge"]
[Site "http://www.queenalice.com/game.php?id=1018256"]
[Date "2012.1.29"]
[Round "-"]
[White "Ebbe"]
[Black "hjalmart"]
[Result "1-0"]
[WhiteElo "1853"]
[BlackElo "1901"]

1. d4 d5 2. c4 dxc4 3. Nc3 e6 4. e4 Bb4 5. Bxc4 a6 6. a3 Bxc3+ 7. bxc3 b5 8. Bd3
h6 9. e5 Bb7 10. Nf3 f6 11. Nh4 f5 12. Qh5+ Kd7 13. Qf7+ Qe7 14. Qxe7+ Nxe7 15.
O-O g5 16. Nf3 Bxf3 17. gxf3 Nbc6 18. Bd2 Nd5 19. c4 bxc4 20. Bxc4 Nb6 21. Ba2
Nxd4 22. Kg2 Nc2 23. Rad1 Ke7 24. Rc1 Nd4 25. Rxc7+ Nd7 26. Bb4+ Kd8 27. Rfc1
Nb5 28. R7c6 Nxe5 29. Rd1+ Nd7 30. Ba5+ Ke7 31. Rxe6+ Kf7 32. Red6+ Ke8 33. Rxd7
Kf8 34. Bb4+ Ke8 35. Bf7# 1-0

[Event "Challenge"]
[Site "http://www.queenalice.com/game.php?id=1018865"]
[Date "2012.1.29"]
[Round "-"]
[White "hjalmart"]
[Black "steinie"]
[Result "1-0"]
[WhiteElo "1871"]
[BlackElo "2142"]

1. e4 Nc6 2. c3 Nf6 3. Bc4 e6 4. f3 d5 5. exd5 exd5 6. Bb5 Be7 7. Ne2 a6 8.
Bxc6+ bxc6 9. O-O O-O 10. d4 Rb8 11. Ng3 Bd6 12. Re1 h6 13. h3 Bxg3 14. Re2 Re8
15. Re3 Re6 16. Qe2 Qd6 17. Kh1 Nh5 18. Rxe6 Qxe6 19. Qxe6 Bxe6 20. Kg1 Bf2+ 21.
Kxf2 g5 22. g4 Nf4 23. Bxf4 gxf4 24. b3 f5 25. Nd2 Bd7 26. Re1 Kf7 27. c4 Re8
28. Rxe8 Bxe8 29. h4 Kf6 30. c5 a5 31. h5 fxg4 32. fxg4 Kg5 33. Kf3 Bd7 34. Kf2
Bxg4 35. a3 Kh4 36. Nf3+ Kxh5 37. Ne5 Bd1 38. Nxc6 f3 39. Nxa5 Kg5 40. b4 Kh5
41. Kg3 f2 42. Kxf2 Kg6 43. Nc6 Kg7 44. Ne7 Kf7 45. Nxd5 Bb3 46. Nxc7 Kg6 47. c6
Bc4 48. d5 h5 49. d6 Kf7 50. b5 Be6 51. Nxe6 Kxe6 52. d7 Ke7 53. b6 h4 54. Kg2
h3+ 55. Kxh3 Ke6 56. d8=Q 1-0

[Event "Challenge"]
[Site "http://www.queenalice.com/game.php?id=1021358"]
[Date "2012.1.30"]
[Round "-"]
[White "Torfi"]
[Black "hjalmart"]
[Result "1-0"]
[WhiteElo "2010"]
[BlackElo "1898"]

1. e4 e5 2. Nf3 Nc6 3. Bc4 h6 4. O-O Bc5 5. d3 Nf6 6. Nc3 O-O 7. Nd5 Nd4 8. c3
Nxf3+ 9. Qxf3 d6 10. h3 c6 11. Nxf6+ Kh8 12. Ng4 Bxg4 13. Qxg4 d5 14. exd5 cxd5
15. d4 exd4 16. cxd4 Qc8 17. Bxd5 Qxg4 18. hxg4 Bxd4 19. Rb1 Rad8 20. Bxb7 f5
21. gxf5 Rxf5 22. Be3 Be5 23. Bf3 a6 24. b3 Kg8 25. Rfd1 Rdf8 26. Bd5+ Kh8 27.
Bc4 R5f6 28. Rd5 Re8 29. Rbd1 Rff8 30. Bc5 Rf5 31. Rd8 Bd6 32. Rxe8+ Rf8 33.
Rxf8+ 1-0

[Event "OS INCLIVEIS"]
[Site "http://www.queenalice.com/game.php?id=1028584"]
[Date "2012.2.10"]
[Round "-"]
[White "adelio"]
[Black "hjalmart"]
[Result "0-1"]
[WhiteElo "1681"]
[BlackElo "1862"]

1. d4 d5 2. e4 e6 3. e5 c5 4. h4 h6 5. h5 Nc6 6. Nf3 cxd4 7. a3 f6 8. Bf4 fxe5
9. Nxe5 Nxe5 10. Bxe5 Rh7 11. Bxd4 Ne7 12. Bd3 Rh8 13. g4 Nc6 14. Bb5 Bd7 15.
Bxc6 Bxc6 16. Nc3 Bd6 17. Qd3 e5 18. Qg6+ Kf8 19. Be3 Qf6 20. O-O-O Qxg6 21.
hxg6 d4 22. Rh5 dxe3 23. Rxd6 exf2 24. Rf5+ Ke7 25. Rd2 Bd7 26. Rxe5+ Kf6 27.
Rf5+ Bxf5 28. Rxf2 Kxg6 29. Rxf5 Rhf8 30. Rd5 Rad8 31. Re5 Rf1+ 32. Nd1 Rdxd1#
0-1

[Event "Challenge"]
[Site "http://www.queenalice.com/game.php?id=1034686"]
[Date "2012.3.1"]
[Round "-"]
[White "hjalmart"]
[Black "bumpywater"]
[Result "1-0"]
[WhiteElo "1898"]
[BlackElo "1762"]

1. e4 e5 2. Nf3 Nc6 3. Nc3 Bb4 4. Nd5 Bc5 5. Bc4 h6 6. O-O Nf6 7. Nc3 a6 8. d4
Nxd4 9. Nxe5 O-O 10. Nd3 Ba7 11. h3 d6 12. Be3 b5 13. Bxd4 bxc4 14. Bxf6 Qxf6
15. Nd5 Qd8 16. N3f4 c6 17. Ne3 Qf6 18. Nh5 Qg5 19. Nxc4 Bxh3 20. Ng3 Bg4 21.
Qxd6 Rac8 22. Ne3 Bxe3 23. fxe3 Qxe3+ 24. Kh2 Rfd8 25. Qf4 Qxf4 26. Rxf4 Be6 27.
b3 Rd2 28. c4 c5 29. e5 Rd3 30. Ne4 g5 31. Nf6+ Kg7 32. Rf2 Re3 33. Nh5+ Kf8 34.
Raf1 Rc7 35. Rf6 Rxe5 36. Rxh6 Rd7 37. Rh8+ Ke7 38. Ra8 g4 39. Nf4 Rd6 40. Ra7+
Bd7 41. Nd5+ Kf8 42. Nf6 Bf5 43. Ra8+ Kg7 44. Ne8+ Rxe8 45. Rxe8 Rh6+ 46. Kg3
Kf6 47. Ra8 Kg5 48. Rd1 Be4 49. Re8 Bc2 50. Rd5+ Kf6 51. Rxc5 Bb1 52. Rc6+ Kg7
53. Rxh6 Kxh6 54. Re2 f5 55. Kf4 Kg6 56. c5 Bd3 57. Re6+ Kf7 58. Ke5 g3 59. c6
a5 60. c7 Ba6 61. Rxa6 1-0

[Event "Challenge"]
[Site "http://www.queenalice.com/game.php?id=1041122"]
[Date "2012.3.21"]
[Round "-"]
[White "hjalmart"]
[Black "steinie"]
[Result "1-0"]
[WhiteElo "1886"]
[BlackElo "2135"]

1. e4 d5 2. exd5 Nf6 3. Nc3 e5 4. h3 Bc5 5. Bb5+ c6 6. dxc6 bxc6 7. Ba4 O-O 8.
Nf3 e4 9. Ne5 Qd4 10. Qe2 Qxe5 11. d3 Re8 12. dxe4 Ba6 13. Qf3 Bb4 14. Bd2 Bxc3
15. Bxc3 Qxe4+ 16. Kd2 Qxa4 17. Bxf6 Re2+ 18. Qxe2 Bb7 19. Qe8# 1-0

[Event "Challenge"]
[Site "http://www.queenalice.com/game.php?id=1041535"]
[Date "2012.3.22"]
[Round "-"]
[White "hjalmart"]
[Black "Torfi"]
[Result "1-0"]
[WhiteElo "1930"]
[BlackElo "2034"]

1. e3 e5 2. Nc3 Nf6 3. d3 d5 4. h3 d4 5. Ne4 Nxe4 6. dxe4 Nc6 7. a3 a6 8. Bc4 b5
9. Bd5 Qd6 10. Bxc6+ Qxc6 11. exd4 Qxe4+ 12. Be3 Qxg2 13. Qf3 Qxf3 14. Nxf3 e4
15. Nd2 Bb7 16. O-O-O Bd6 17. c4 bxc4 18. Nxc4 O-O 19. d5 f5 20. Rhg1 f4 21. Bd4
g6 22. Bc3 Rf5 23. Nxd6 cxd6 24. Bb4 Bxd5 25. Bxd6 Bc4 26. Rge1 Bd3 27. Kd2 f3
28. Rc1 Rd5 29. Bg3 Be2+ 30. Ke3 Rd3+ 31. Kxe4 Re8+ 32. Be5 Re6 33. Rc8+ Kf7 34.
Rc2 Rb3 35. Rc7+ Re7 36. Rec1 Rb7 37. Rxb7 Rxb7 38. Rc7+ Rxc7 39. Bxc7 Ke6 40.
Kf4 Kf6 41. Be5+ Ke6 42. Bc3 Kf7 43. Kg4 h6 44. Kf4 Ke6 45. Ke4 Kf7 46. h4 Bd1
47. Kf4 Be2 48. Ke4 Bd1 49. Kd5 Be2 50. Kc5 Ke6 51. b4 Kf5 52. a4 Kg4 53. b5
axb5 54. axb5 Bxb5 55. Kxb5 Kxh4 56. Kc4 h5 57. Bf6+ Kh3 58. Kd3 Kg4 59. Ke4 h4
60. Be5 g5 61. Bh2 h3 62. Bg3 Kh5 63. Kxf3 1-0

[Event "Challenge"]
[Site "http://www.queenalice.com/game.php?id=1045699"]
[Date "2012.4.4"]
[Round "-"]
[White "passant"]
[Black "hjalmart"]
[Result "1-0"]
[WhiteElo "1937"]
[BlackElo "1913"]

1. d4 d5 2. c4 dxc4 3. e4 Nf6 4. Nc3 e5 5. dxe5 Qxd1+ 6. Kxd1 Nfd7 7. f4 Be7 8.
Bxc4 a6 9. e6 fxe6 10. Bxe6 Nc6 11. Nd5 Kd8 12. Ne2 Nf6 13. Bxc8 Rxc8 14. Nec3
Ng4 15. Ke2 Kd7 16. h3 Nd4+ 17. Kd2 Nf6 18. Kd3 Ne6 19. Be3 Nxd5 20. Nxd5 Rcf8
21. Rac1 Rc8 22. Nxe7 Kxe7 23. f5 Rhd8+ 24. Ke2 Nd4+ 25. Kf2 Nc6 26. Bg5+ Ke8
27. Bxd8 Rxd8 28. Rhd1 Rd7 29. Rxd7 Kxd7 30. Rd1+ Ke7 31. Ke3 Ne5 32. Kd4 Nc6+
33. Ke3 Ne5 34. b3 c6 35. Kf4 Nd7 36. g4 h6 37. h4 1-0

[Event "Challenge"]
[Site "http://www.queenalice.com/game.php?id=1045700"]
[Date "2012.4.4"]
[Round "-"]
[White "hjalmart"]
[Black "passant"]
[Result "1/2-1/2"]
[WhiteElo "1912"]
[BlackElo "1948"]

1. d4 d5 2. Nf3 Nf6 3. h3 e6 4. Ne5 Bd6 5. Bg5 h6 6. Bxf6 Qxf6 7. Ng4 Qg5 8. e3
Nc6 9. Bb5 Bd7 10. Bxc6 Bxc6 11. O-O Bd7 12. Qf3 O-O 13. Nd2 f5 14. Ne5 Be8 15.
c4 f4 16. cxd5 Bh5 17. Qe4 f3 18. Ndxf3 Bxf3 19. Nxf3 Qxd5 20. Qxd5 exd5 21. a3
c6 22. b4 a6 23. Rfe1 Rae8 24. Re2 Bc7 25. a4 Bf4 26. Rae1 Bd6 27. Rb1 Bf4 28.
Rbe1 Bd6 29. Rb1 Bf4 30. Rbe1 1/2-1/2

[Event "Challenge"]
[Site "http://www.queenalice.com/game.php?id=1046880"]
[Date "2012.4.8"]
[Round "-"]
[White "steinie"]
[Black "hjalmart"]
[Result "0-1"]
[WhiteElo "2197"]
[BlackElo "1886"]

1. c4 e5 2. g3 Bc5 3. e3 Nf6 4. Nc3 a6 5. Bg2 c6 6. Nf3 d6 7. Ng5 Bf5 8. O-O Bd3
9. Re1 Bxc4 10. d3 Bd5 11. Nxd5 cxd5 12. d4 Bb4 13. Bd2 Bxd2 14. Qxd2 O-O 15.
Qd3 e4 16. Qb3 Qd7 17. Bh3 Qe7 18. Rac1 Nc6 19. Bg2 Rab8 20. Rcd1 h6 21. Nh3 Na5
22. Qc3 Nc6 23. Rb1 Rfc8 24. Nf4 Nd8 25. Qd2 Ne6 26. Rec1 Ng4 27. Nxd5 Qd8 28.
Bh3 Rxc1+ 29. Rxc1 Nf6 30. Bxe6 fxe6 31. Nxf6+ Qxf6 32. Rc7 d5 33. Qc2 Rf8 34.
Rxb7 e5 35. dxe5 Qxe5 36. Qc3 d4 37. exd4 Qf5 38. Qe3 Qf6 39. d5 Qg5 40. Qxg5
hxg5 41. g4 Rd8 42. a3 Rxd5 43. Kg2 Rd2 44. a4 e3 45. Kf3 e2 46. Re7 Rxb2 47.
Rxe2 Rb3+ 48. Re3 Rb4 49. Re4 Rb3+ 50. Ke2 Rb2+ 51. Kf3 Rb3+ 52. Kg2 Kf7 53. a5
Ra3 54. Re5 Kf6 55. Rc5 Ra4 56. Kg3 Ra3+ 57. f3 Ra1 58. Kh3 Ra3 59. Rb5 axb5 60.
Kg3 Rxa5 61. h3 b4 62. h4 b3 63. hxg5+ Kg6 64. Kh4 b2 65. Kg3 b1=Q 0-1

[Event "Challenge"]
[Site "http://www.queenalice.com/game.php?id=1059950"]
[Date "2012.5.15"]
[Round "-"]
[White "bumpywater"]
[Black "hjalmart"]
[Result "1-0"]
[WhiteElo "1727"]
[BlackElo "1909"]

1. d4 Nf6 2. Bg5 d5 3. Nc3 Ne4 4. Bh4 Nxc3 5. bxc3 Qd6 6. a3 e5 7. Bg3 f6 8. Nf3
Be7 9. e3 O-O 10. h3 Nc6 11. Bb5 e4 12. Bxd6 Bxd6 13. Nd2 Ne7 14. c4 c6 15. Ba4
Rb8 16. c5 Bc7 17. O-O f5 18. Rb1 f4 19. exf4 Rxf4 20. c4 Rf6 21. cxd5 Rg6 22.
Qh5 Bf5 23. d6 Rh6 24. Qe2 Nd5 25. dxc7 Rc8 26. Rxb7 Nc3 27. Qc4+ Nd5 28. Rb8
Be6 29. Rxc8+ Bxc8 30. Bxc6 1-0

[Event "Challenge"]
[Site "http://www.queenalice.com/game.php?id=1071469"]
[Date "2012.6.13"]
[Round "-"]
[White "hjalmart"]
[Black "bumpywater"]
[Result "1-0"]
[WhiteElo "1914"]
[BlackElo "1773"]

1. e4 e5 2. Nf3 Nc6 3. a3 Nf6 4. Nc3 a6 5. Bc4 Bc5 6. h3 O-O 7. O-O h6 8. Re1 d6
9. Nd5 b5 10. Ba2 Be6 11. d4 Bxd4 12. c3 Ba7 13. Nd4 exd4 14. cxd4 Nxd4 15. Be3
Nc6 16. Rc1 Ne5 17. Nxc7 Bxe3 18. Bxe6 Bxc1 19. Nxa8 Qxa8 20. Bd5 Nxd5 21. exd5
Bxb2 22. Re3 Nc4 23. Rg3 Qd8 24. a4 Be5 25. Rb3 Qb6 26. Qf3 Nd2 27. Qe3 Nxb3 28.
Qxb6 Ra8 29. Qb7 Re8 30. Qxa6 Bf4 31. g3 Re1+ 32. Kg2 Nc5 33. Qc8+ Kh7 34. Qf5+
Kg8 35. Qxf4 Nd3 36. Qxd6 Re2 37. Kf3 Ne5+ 38. Kxe2 1-0

[Event "Challenge"]
[Site "http://www.queenalice.com/game.php?id=1080783"]
[Date "2012.7.9"]
[Round "-"]
[White "bumpywater"]
[Black "hjalmart"]
[Result "1/2-1/2"]
[WhiteElo "1791"]
[BlackElo "1924"]

1. e4 e5 2. Nf3 Nc6 3. Bc4 h6 4. Nc3 a6 5. d4 exd4 6. Nxd4 Bc5 7. Nxc6 bxc6 8.
Qf3 Qf6 9. Qg3 Bb4 10. O-O Ne7 11. Bd2 Bd6 12. Qh3 Ng6 13. Rab1 Bf4 14. Bxf4
Qxf4 15. Rfe1 O-O 16. Bd3 d6 17. Qe3 Qxe3 18. Rxe3 Re8 19. h3 Re5 20. Rg3 d5 21.
exd5 cxd5 22. Bxg6 fxg6 23. Rxg6 Bf5 24. Rc6 Ra7 25. Rd1 Bxc2 26. Rxd5 Rxd5 27.
Nxd5 Be4 28. Rxc7 Rxc7 29. Nxc7 Bb7 30. b4 Kf7 31. a4 Ke7 32. b5 Kd7 33. Nxa6
Kd6 34. g4 g6 35. Kh2 Kd5 36. Kg3 g5 37. f4 Kc4 38. b6 Bxa6 39. a5 Kb5 40. fxg5
hxg5 41. h4 gxh4+ 42. Kxh4 Kxa5 43. g5 Kxb6 44. Kh5 Bd3 45. Kh6 Kc5 46. g6 Bxg6
47. Kxg6 1/2-1/2

[Event "Challenge"]
[Site "http://www.queenalice.com/game.php?id=1084367"]
[Date "2012.7.19"]
[Round "-"]
[White "hjalmart"]
[Black "steinie"]
[Result "0-1"]
[WhiteElo "1960"]
[BlackElo "2195"]

1. d4 d5 2. Nf3 Nf6 3. h3 e6 4. a3 Bd6 5. Bg5 O-O 6. Nc3 Be7 7. e3 c6 8. Bd3 Qb6
9. b4 Nbd7 10. O-O h6 11. Bxf6 Nxf6 12. Ne5 Qc7 13. e4 a6 14. exd5 cxd5 15. Re1
Qxc3 16. Nf3 Bd6 17. Qd2 Qc7 18. c3 b6 19. Bc2 Bf4 20. Qd3 Bb7 21. Ne5 h5 22.
Qf3 Bh6 23. Qd3 Rac8 24. a4 Qxc3 25. Qxc3 Rxc3 26. Ra2 Ne4 27. Nd7 Rd8 28. Ne5
Nf6 29. b5 a5 30. Kf1 Rdc8 31. Re2 Bf4 32. Nd3 Bb8 33. Rb2 R3c4 34. Ne1 Kh8 35.
Nf3 Ne4 36. Ne5 Bxe5 37. dxe5 Nc3 38. Re3 h4 39. Rf3 R4c7 40. Rf4 g5 41. Rg4 Re7
42. Rxg5 Ne4 43. Rh5+ Kg7 44. Rxh4 Ng5 45. f4 Rc4 46. Rg4 f5 47. Rxg5+ Kh6 48.
g4 Rxf4+ 49. Kg2 Kxg5 50. Kg3 Rh7 51. Bd1 d4 52. Rh2 Rf1 53. Be2 f4# 0-1

[Event "Challenge"]
[Site "http://www.queenalice.com/game.php?id=1096087"]
[Date "2012.8.24"]
[Round "-"]
[White "hjalmart"]
[Black "bumpywater"]
[Result "1-0"]
[WhiteElo "1919"]
[BlackElo "1805"]

1. e4 e5 2. Nf3 Nc6 3. Nc3 a6 4. a3 Nf6 5. Bc4 h6 6. O-O Bc5 7. h3 O-O 8. Re1 b5
9. Bd3 Nd4 10. Nxe5 d6 11. Nf3 Nxf3+ 12. Qxf3 b4 13. e5 dxe5 14. Qxa8 Qd6 15.
Ne4 Nxe4 16. Qxe4 Bd4 17. Qh7# 1-0

[Event "Challenge"]
[Site "http://www.queenalice.com/game.php?id=1101116"]
[Date "2012.9.8"]
[Round "-"]
[White "bumpywater"]
[Black "hjalmart"]
[Result "0-1"]
[WhiteElo "1794"]
[BlackElo "1950"]

1. e4 e5 2. Nf3 Nc6 3. Bc4 Bc5 4. d3 h6 5. O-O Nf6 6. Nc3 O-O 7. Bxh6 gxh6 8.
Nd5 Nd4 9. Nxf6+ Qxf6 10. Nxd4 Bxd4 11. c3 Bb6 12. Qg4+ Qg6 13. Qf3 Qg5 14. Rad1
d6 15. h3 Be6 16. Bxe6 fxe6 17. Qe2 Rf7 18. Qd2 Rg7 19. Qxg5 Rxg5 20. a3 Rf8 21.
Rd2 d5 22. b4 Rf4 23. Re2 Rh4 24. Kh2 Rf4 25. a4 c5 26. a5 Bd8 27. bxc5 Bxa5 28.
c4 Bb4 29. cxd5 exd5 30. exd5 Bxc5 31. Kg1 Bd4 32. Rc2 Rf8 33. Rc7 Rg7 34. Rc4
Rd7 35. Rb4 b6 36. Rb5 Rf6 37. h4 Rdf7 38. Rbb1 Rxf2 39. Rxf2 Bxf2+ 40. Kh2 Bxh4
41. Rb4 Be7 42. Re4 Bf6 43. Kh3 Rd7 44. Rg4+ Bg5 45. Kg3 Rxd5 46. Kf3 Rxd3+ 47.
Ke2 Rd4 48. Rg3 a5 49. Rb3 Rb4 50. Rc3 Kf7 51. Rc7+ Ke6 52. Rc6+ Kd5 53. Rc2 Bh4
54. Rd2+ Rd4 55. Rb2 Rb4 56. Rd2+ Ke4 57. Rd3 Rb2+ 58. Rd2 Rxd2+ 59. Kxd2 Kd4
60. Kc2 Ke3 61. g4 Ke2 62. Kc3 e4 63. Kd4 e3 64. Ke4 Kd2 0-1

[Event "Challenge"]
[Site "http://www.queenalice.com/game.php?id=1114120"]
[Date "2012.10.19"]
[Round "-"]
[White "hjalmart"]
[Black "bumpywater"]
[Result "0-1"]
[WhiteElo "1943"]
[BlackElo "1858"]

1. d4 d5 2. h3 Nc6 3. Nf3 Nf6 4. Nc3 h6 5. a3 Bf5 6. Bf4 e6 7. e3 Bd6 8. Bxd6
Qxd6 9. Bb5 a6 10. Bd3 Bxd3 11. Qxd3 O-O 12. O-O b5 13. b4 e5 14. dxe5 Nxe5 15.
Nxe5 Qxe5 16. Rae1 c6 17. f4 Qd6 18. e4 Nh5 19. exd5 cxd5 20. Re5 Nf6 21. Nxd5
Nxd5 22. Rxd5 Qb6+ 23. Kh2 Rad8 24. Qf5 Rxd5 25. Qg4 h5 26. Qg3 Qg6 27. Qf3 Rf5
28. Rd1 h4 29. g4 Rf6 30. Rd4 Qxc2+ 31. Qg2 Qxg2+ 32. Kxg2 Re8 33. Kf3 Re1 34.
Rd8+ Kh7 35. g5 Rf1+ 36. Kg2 R6xf4 37. Rd2 Ra1 38. Rd6 Rxa3 39. Rd2 Rff3 40. Rf2
Rxf2+ 41. Kg1 Rb2 0-1

[Event "Challenge"]
[Site "http://www.queenalice.com/game.php?id=1124223"]
[Date "2012.11.20"]
[Round "-"]
[White "Torfi"]
[Black "hjalmart"]
[Result "1-0"]
[WhiteElo "2013"]
[BlackElo "1905"]

1. e4 e5 2. Nf3 Nc6 3. Bc4 Bc5 4. b4 Bxb4 5. c3 Bc5 6. d4 exd4 7. O-O h6 8. cxd4
Bb6 9. d5 Nce7 10. e5 c6 11. d6 Nf5 12. Qb3 Kf8 13. Bxf7 Nd4 14. Nxd4 Bxd4 15.
Bg6 Qe8 16. Qf3+ Nf6 17. Bxe8 Bxa1 18. exf6 Bxf6 19. Bb2 Kg8 20. Bxf6 b5 21.
Bxg7 Kxg7 22. Qf7# 1-0

[Event "Challenge"]
[Site "http://www.queenalice.com/game.php?id=1137349"]
[Date "2013.1.5"]
[Round "-"]
[White "bumpywater"]
[Black "hjalmart"]
[Result "1-0"]
[WhiteElo "1859"]
[BlackElo "1924"]

1. d4 d5 2. Nc3 Nf6 3. Nf3 h6 4. h3 Nc6 5. Bf4 a6 6. e3 Ne4 7. Nxe4 dxe4 8. Ne5
Nxe5 9. Bxe5 f6 10. Qh5+ Kd7 11. Bg3 Ke6 12. Bc4+ Kd7 13. Qg4+ Kc6 14. Qxe4+ Kb6
15. O-O Bd7 16. d5 g5 17. Qd4+ c5 18. dxc6+ Kxc6 19. Bd5+ Kb5 20. a4+ Ka5 21.
Qc5+ b5 22. axb5# 1-0